Hubert Leinsmer (1897-1962) Redakteur und Arbeiterdichter
| Titel: | Hubert Leinsmer (1897-1962) Redakteur und Arbeiterdichter |
|---|---|
| Verfasser: | |
| In: |
Seliger-Gemeinde: Sudeten-Jahrbuch der Seliger-Gemeinde, Band 46 (1997), Seite 71-75 alle Artikel anzeigen |
| Veröffentlicht: | 1997 [1996] |
| Format: | Aufsatz |
| Sprache: | Deutsch |
X
alg: 39151853 001A $01999:11-11-16 001B $01999:15-05-21 $t20:55:22.000 001D $01999:11-11-16 001U $0utf8 001X $00 002@ $0Aox 003@ $0391518534 007A $0391518534 $aHEB 007T $0Herd01235 010@ $ager 011@ $a1997 $n1997 [1996] 021A $aHubert Leinsmer (1897-1962) Redakteur und Arbeiterdichter 028A $aStupp $dJohann Adam 031A $d46 $h71-75 $j1997 039B $aIn $8--Abvc--Seliger-Gemeinde [Tb1]. Sudeten-Jahrbuch der Seliger-Gemeinde. - München : Die Brücke, 1952-2003 $x199700000460000929 $9047713011 045F $a929.094371 $eDDC23BSB 045F/01 $a929 045F/03 $g4371 lok: 39151853 78 exp: 39151853 78 1 #EPN 201B/01 $026-11-17 $t00:40:46.000 201U/01 $0utf8 203@/01 $0787612685 208@/01 $a11-11-16 $be 209A/01 $a/ $f000 $x00 220C/01 $aTitelaufnehmer: rk 244Z/01 $#Tschechien $#Tschechische Republik $#Tschechische Republik $#Tschechenland $#Tschechei Tschechien $#Česká Republika $#Czech Republic $#ČR $74303381-7 $8--Tg1--Tschechien $x01 $9086659812 244Z/01 $2Trx $#Böhmen $#Bohemia $#Czechy $8--Trx--Čechy $x02 $9391188941 244Z/01 $2Trx $#Teplitz-Schönau $8--Trx--Teplice-Šenov $x03 $9391195999 244Z/01 $aGeschichte 1897-1962 $x04 244Z/01 $2Trx $8--Trx--Leinsmer, Hubert$Z1897-1962 $x05 $9390851787 244Z/01 $2Trx $#ajakirjanikud $#žurnalistai $#journalists $#újságírók $#dziennikarze $#novinári $#novináři $8--Trx--Journalisten $x06 $9391372262 244Z/01 $2Trx $#kirjanikud $#rašytojai $#writers $#írók $#pisarze $#spisovatelia $#spisovatelé $8--Trx--Schriftsteller $x07 $9391382659 244Z/01 $2Trx $#sotsiaaldemokraadid $#socialdemokratai $#social democrats $#szociáldemokraták $#socjaldemokraci $#sociálni demokrati $#sociální demokraté $8--Trx--Sozialdemokraten $x08 $939135826X 244Z/01 $2Trx $8--Trx--Zeitschriftenaufsatz $x09 $9391384341 245Z/01 $a12.03 $x01 247C/01 $82080>Marburg/Lahn, Herder-Institut, Forschungsbibliothek, Bibliographieportal $9336309341
| LEADER | 00000caa a22000002c 4500 | ||
|---|---|---|---|
| 001 | 391518534 | ||
| 003 | DE-603 | ||
| 005 | 20210515205522.0 | ||
| 007 | tu | ||
| 008 | 161111s1997 xx |||| | u00||u|ger c | ||
| 035 | |a (DE-599)HEB391518534 | ||
| 040 | |a DE-603 |b ger |c DE-603 |d DE-603 | ||
| 041 | |a ger | ||
| 082 | 0 | 4 | |8 1\u |a 929.094371 |q DE-101 |2 23/BSB |
| 085 | |8 1\u |b 929 | ||
| 085 | |8 1\u |z 2 |s 4371 | ||
| 100 | 1 | |a Stupp, Johann Adam | |
| 245 | 0 | 0 | |a Hubert Leinsmer (1897-1962) Redakteur und Arbeiterdichter |
| 264 | 0 | |c 1997 [1996] | |
| 773 | 0 | 8 | |i In |a Seliger-Gemeinde |t Sudeten-Jahrbuch der Seliger-Gemeinde |d München : Die Brücke, 1952-2003 |h 21 cm |g Band 46 (1997), Seite 71-75 |w (DE-603)047713011 |w (DE-600)511910-8 |
| 924 | 0 | |9 2080 |a (DE-603)787612685 |b DE-2080 |c HES |d d |g / | |


